000 00872cab a2200265 4500
001 ABS60511
008 090401t1999 xxu||||| |||| 00| 0 eng d
035 _a(Sirsi) u92753
041 _aeng
100 _aAdnitt, N.
245 _aUnitary authority GIS - a grass roots approach
260 _c1999
350 _a0
490 _aBURISA
_v(137) March 1999, 5-9(5)
520 _aDiscusses the implementation of geographic information systems (GIS) within a local authority. Covers the difficulties of moving long-established work-flows based on paper maps and tabular data to a more efficient process based on practical applications of IT.
650 _aDIGITAL MAPPING
650 _aGIS
650 _aGIS
650 _aIMPLEMENTATION
650 _aLOCAL AUTHORITIES
650 _aMAPINFO
690 _aLAND SURVEYING
942 _n0
948 _c15/04/1999
999 _c58790
_d58790